David y Goliat: las tribulaciones de un director de Proyecto (Registro nro. 2752)
[ vista simple ]
| 000 -Cabecera | |
|---|---|
| Campo de control de longitud fija | 01086aam a2200373 4500 |
| 005 - Fecha y hora de la última transacción | |
| Campo de control | 20250618140922.0 |
| 008 - Elementos de longitud fija--Información general | |
| Campo de control de longitud fija | 150610b2007 xxu||||| |||| 00| 0 spa d |
| 020 ## - International Standard Book Number | |
| Número Internacional Estándar del Libro (ISBN) | 9789701513163 |
| 041 ## - Idioma | |
| Código de idioma | Español |
| 082 ## - Clasificación Decimal Dewey | |
| Número de clasificación | 658.404 D542d |
| 100 ## - Entrada principal--Autor personal | |
| Nombre personal | Días Martín, Angel |
| 9 (RLIN) | 24046 |
| 245 ## - Título propiamente dicho | |
| Título | David y Goliat: las tribulaciones de un director de Proyecto |
| 260 ## - Pie de imprenta | |
| Lugar de publicación, distribución, etc. | México |
| 260 ## - Pie de imprenta | |
| Nombre del editor, distribuidor, etc. | Alfaomega |
| 260 ## - Pie de imprenta | |
| Fecha de publicación, distribución, etc. | 2007 |
| 300 ## - Descripción física | |
| Extensión | 149 páginas |
| 490 ## - Serie | |
| Título de la Serie | Dirección y Administración de Empresas |
| 650 ## - Materia general | |
| Temática (materia general) | GERENCIA DE PROYECTOS |
| 650 ## - Materia general | |
| Temática (materia general) | ADMINISTRACIÓN DEL PROYECTO |
| 650 ## - Materia general | |
| Temática (materia general) | MANAGEMENT |
| 650 ## - Materia general | |
| Temática (materia general) | ORGANIZACIÓN |
| 650 ## - Materia general | |
| Temática (materia general) | CLIENTE |
| 650 ## - Materia general | |
| Temática (materia general) | OPERATIVIDAD DEL PROYECTO |
| 650 ## - Materia general | |
| Temática (materia general) | CONTROL DE PLANIFICACIÓN |
| 650 ## - Materia general | |
| Temática (materia general) | CUADRO DE MANDO |
| 650 ## - Materia general | |
| Temática (materia general) | CUANTIFICACIÓN DEL RIESGO |
| 650 ## - Materia general | |
| Temática (materia general) | MATRIZ DE RESPONSABILIDAD |
| 650 ## - Materia general | |
| Temática (materia general) | PLAN DE PROYECTO |
| 650 ## - Materia general | |
| Temática (materia general) | PLANIFICACIÓN |
| 650 ## - Materia general | |
| Temática (materia general) | REALIZACIÓN DEL PROYECTO |
| 650 ## - Materia general | |
| Temática (materia general) | REUNIONES DE OPERACIONES |
| 650 ## - Materia general | |
| Temática (materia general) | SISTEMA DE GESTIÓN DEL CONOCIMIENTO |
| 942 ## - Punto de acceso adicional KOHA | |
| Tipo de ítem KOHA | Libro |
| Fuente del sistema de clasificación o colocación | Dewey Decimal Classification |
| Signatura completa | Código de barras | Programa Académico | Tipo de ítem |
|---|---|---|---|
| 658.404 D542d | 15967 | Dirección y Administración de Empresas | Libro |
| 658.404 D542d | 15968 | Dirección y Administración de Empresas | Libro |